00350pab a2200121 454500008004000000100001800040245007800058260000900136300001700145362000800162650002400170773003400194180718b2011 xxu||||| |||| 00| 0 eng d aAlba, Richard aSchools and the diversity transition in the wealthy societies of the west c2011 ap.1616-1634. aDec aEducational systems aAmerican Behavioral Scientist